තීන්දුවට එරෙහිව /
Saved in:
| Format: | Book |
|---|---|
| Published: |
මීගමුව :
අකුර පොත් ප්රකාශකයෝ,
2024.
|
| Tags: |
Add Tag
No Tags, Be the first to tag this record!
|
MARC
| LEADER | 00000nam a2200000 4500 | ||
|---|---|---|---|
| 003 | LK-CoNLD | ||
| 005 | 20260119140324.0 | ||
| 008 | 260119b |||||||| |||| 00| 0 ||| d | ||
| 015 | |2 slnb | ||
| 017 | |b LK-CoDNA | ||
| 020 | |a 9789556759235 | ||
| 040 | |a LK-CoNLD |b SIN |c LK-CoNLD |d LK-CoNLD | ||
| 082 | |2 23 |q LK-CoNLD | ||
| 245 | |a තීන්දුවට එරෙහිව / |c ජීවන් ජොබ් තෝමස් ; අනුවාදය නේත්රා දිනරාවී විසිනි. | ||
| 260 | |a මීගමුව : |b අකුර පොත් ප්රකාශකයෝ, |c 2024. | ||
| 300 | |a පි. 160 ; |b මැබැ-බෝක : රු. 590.00 |c සෙමී. 21. | ||
| 942 | |c TRANSLATIO | ||
| 999 | |c 296818 |d 296818 | ||
| 945 | |a 14 |b Mahinda MIHINDUKULASOORIYA |c 14 |d Mahinda MIHINDUKULASOORIYA | ||